Top 15 der betroffenen Covid-19-Länder - 15. Juni - Statistiken

Allgemein
  • Dieses Quiz wurde 19 mal gespielt
  • Das Durchschnittsergebnis liegt bei 14 aus 27
Antwortstatistiken
Land % Korrekt
Deutschland
100%
Vereinigte Staaten
95%
Frankreich
89%
Italien
89%
Russland
89%
Indien
74%
Mexiko
74%
Spanien
74%
Vereinigtes Königreich
74%
Brasilien
68%
Peru
53%
Schweden
53%
Chile
47%
Chile
47%
Türkei
47%
Belgien
42%
Iran
37%
Irland
37%
Singapur
37%
Katar
26%
Bahrain
21%
Kuwait
21%
Pakistan
21%
Armenien
16%
Weißrussland
16%
Oman
11%
Panama
11%
Keine übereinstimmenden Quizze gefunden
Verteilung der Resultate
Anzahl Personen mit jedem Resultat
Perzentil nach korrekt beantworteten Fragen
Ihre Resultats-Entwicklung
Sie haben dieses Quiz noch nicht gespielt